| 000 | 00870nac a22002771i 4500 | ||
|---|---|---|---|
| 003 | EG-ScBUE | ||
| 005 | 20221219120006.0 | ||
| 008 | 221219t1999 gw a f 000 0 eng d | ||
| 020 | _a3829022336 | ||
| 020 | _a9783829022330 | ||
| 040 |
_aEG-ScBUE _beng _erda _cEG-ScBUE _dEG-ScBUE |
||
| 082 | 0 | 4 |
_a728.5 _bHIS _222 |
| 240 | 1 | 0 |
_aParadores históricos. _lEnglish |
| 245 | 0 | 0 |
_aHistorical paradrops : _ba journey through Spanish hotels. |
| 264 | 1 |
_aCologne : _bKonemann Verlagsgesellschaft, _c[1999] |
|
| 264 | 4 | _cc1999 | |
| 300 |
_a254 pages : _bcolor illustrations ; _c25 cm |
||
| 336 |
_2rdacontent _atext _btxt |
||
| 337 |
_2rdamedia _aunmediate _bn |
||
| 338 |
_2rdacarrier _avolume _bnc |
||
| 546 | _aText in English ; translated from the original Spanish. | ||
| 650 | 7 |
_aHotels _zSpain. _2BUEsh |
|
| 653 | _bENGARC | ||
| 655 | _vReading book | ||
| 942 |
_cBB _2ddc |
||
| 999 |
_c9749 _d9749 |
||